It looks like you're offline.
Open Library logo
additional options menu

MARC Record from Library of Congress

Record ID marc_loc_2016/BooksAll.2016.part17.utf8:43026537:660
Source Library of Congress
Download Link /show-records/marc_loc_2016/BooksAll.2016.part17.utf8:43026537:660?format=raw

LEADER: 00660cam a2200229 a 4500
001 86006620
003 DLC
005 20060731151828.0
008 860321s1986 ilu 000 0 eng
010 $a 86006620
020 $a0877886695 (pbk.) :$c$3.50
040 $aDLC$cDLC$dDLC
050 10 $aBT153.F3$bM3 1986
082 00 $a231.7$219
100 1 $aMains, David R.
245 10 $aParenting us :$bhow God does it /$cDavid and Karen Mains.
260 $aWheaton, Ill. :$bH. Shaw Publishers,$cc1986.
300 $a96 p. ;$c21 cm.
650 0 $aGod (Christianity)$xFatherhood.
650 0 $aChildren of God.
650 0 $aChristian life.
700 1 $aMains, Karen Burton.